000 01731cam a22004814i 4500
003 PE-LiUPU
005 20250731173033.0
008 150623s r 000 0 d
020 _a1841270989
035 _a(Sirsi) i9781841270982
040 _aPE-LiUPU
_bspa
_cPE-LiUPU
_erda
049 _aPRUA
082 0 4 _a220.1
_bD46
_221
100 1 _aDeist, Ferdinand E.,
_eautor.
245 1 4 _aThe material culture of the Bible :
_ban introduction /
_cFerdinand E. Deist.
264 1 _aSheffield, England :
_bSheffield Academic Press,
_c2000.
300 _a348 páginas :
_bilustraciones, gráficos ;
_c24 centímetros
336 _atext
_2rdacontent
337 _aunmediated
_2rdamedia
338 _avolume
_2rdacarrier
504 _aIncluye bibliografía.
505 0 _aCulture and interpretation. -What do we mean by 'culture'? -Culture, language and meaning. -Enviroment and meaning. -Economy and meaning. -Technology and meaning. -Social organization and meaning.
526 _aSEG42
526 _aSEG41
526 _aSEG40
526 _aSEG39
526 _aP94
526 _aP87
526 _aP86
526 _aP85
526 _aP77
526 _aP76
526 _aP35
650 0 4 _aCultura
_zPalestina.
650 0 4 _aHebreo bíblico.
650 0 4 _aJudíos
_xVida social y costumbres.
942 _2ddc
_cBOOK
949 _a220.1 D46
_wDEWEY
_c1
_i48224
_lCCODEBUL1
_mBUL
_r0
_sY
_tBOOK
_u2015-6-24
_xTEOLOGIA
_PP35
_0COMPRA
_o.STAFF. Colección General
994 _aC0
_bPEPRU
596 _a1
999 _a220.1 D46
_wDEWEY
_c25226
_i48224
_f2021-11-9
_g5
_lCCODEBUL1
_mBUL
_r0
_sY
_tBOOK
_u2015-6-24
_xTEOLOGIA
_PP35
_0COMPRA
_o.STAFF. Colección General
_d25226
980 _81
_gALBERTO SANCHEZ Responsable de Automatización